000 00700cab a2200217 4500
001 ABS53680
008 090401t1995 xxu||||| |||| 00| 0 eng d
035 _a(Sirsi) u5857
041 _aeng
100 _aMugurian, G.
245 _aNew NEC heralds New Engineering and Construction Contract
260 _c1995
350 _a0
490 _aCivil Engineering Surveyor
_v20(8) October 1995, 20-21(2)
520 _aBriefly reviews some of the major changes introduced in The New Engineering and Construction Contract (the new NEC).
650 _aLATHAM REFORMS
650 _aNEW ENGINEERING CONTRACT
690 _aBUILT ENVIRONMENT-BUILDING CONTRACT FORMS
942 _n0
948 _c04/03/1997
999 _c3501
_d3501